| 000 | 00375 a2200133 4500 | ||
|---|---|---|---|
| 001 | 87835 | ||
| 082 | _aPR 211 | ||
| 090 |
_c41297 _d41297 |
||
| 100 | _aRaheel Mushtaq, Plt Off 16065 73 EC | ||
| 245 | _aDesigning and fabrication of robotic arm for spray painting | ||
| 260 |
_aRisalpur _bNUST Risalpur _c2012 |
||
| 300 |
_av, 53p. _eBabar Saeed |
||
| 500 | _aBE Project Reports | ||
| 942 |
_aCAE NUST _kPR 211 |
||
| 999 |
_c322908 _d322908 |
||